000 00626nam a2200205 a 4500
003 OSt
005 20240227092546.0
008 180221t2007 pk | |||| 000 f urd d
020 _a9693520432
040 _c0
082 _a891.4393
_bINT 2007
100 1 _aانتظارحسين
_947098
245 1 0 _aدن اورداستان
_cIntizar Husain
246 _aDin Aur Dastaan
260 _aLahore:
_bSang e Meel Pub;
_c2007.
300 _a144 p.
650 _aUrdu literature
_vNovel.
_9876
942 _2ddc
_cBK
_aSADA
_k891.4393 INT 2007
999 _c608271
_d608271